10 größte Städte Deutschlands - Statistiken

Allgemein
  • Dieses Quiz wurde 582 mal gespielt
  • Das Durchschnittsergebnis liegt bei 9 aus 10
Antwortstatistiken
Antwort % Korrekt
1 Berlin
100%
2 Hamburg
99%
3 München
99%
4 Köln
94%
5 Frankfurt am Main
92%
7 Düsseldorf
89%
6 Stuttgart
89%
8 Dortmund
83%
9 Leipzig
74%
10 Essen
64%
Keine übereinstimmenden Quizze gefunden
Verteilung der Resultate
Anzahl Personen mit jedem Resultat
Perzentil nach korrekt beantworteten Fragen
Ihre Resultats-Entwicklung
Sie haben dieses Quiz noch nicht gespielt